[Event "FIDE-Wch"]
[Site "Elista"]
[Date "1996.07.02"]
[Round "14"]
[White "Kamsky, Gata"]
[Black "Karpov, Anatoly"]
[Result "0-1"]
[WhiteElo "2735"]
[BlackElo "2770"]
[Annotator "Gurevich,M"]
[PlyCount "122"]
[EventDate "1996.06.06"]
[EventType "match"]
[EventRounds "18"]
[EventCountry "RUS"]
[SourceTitle "CBM 054"]
[Source "ChessBase"]
[SourceDate "1996.10.01"]
[SourceVersion "1"]
[SourceVersionDate "1996.10.01"]
[SourceQuality "1"]

1. d4 {Ftacnik Baburin Karpov Christiansen} Nf6 2. c4 e6 3. Nc3 Bb4 4. e3 c5 5.
Bd3 Nc6 6. Nge2 cxd4 7. exd4 d5 8. cxd5 Nxd5 9. O-O Bd6 $5 {[/\10...Qh4]} (9...
O-O 10. Bc2 Bd6) 10. Ne4 Be7 {[><d5]} 11. a3 O-O 12. Bc2 (12. b4 {Ftacnik} b6
13. Bb2 Bb7) 12... Qc7 {[/\13...Rd8,Bc8-d7-e8] /\ Rf8-d8} (12... b6 13. Qd3 g6
(13... f5 14. N4c3 Bf6 15. Bb3 Nc7 16. Rd1 Kh8 17. Qh3 Re8 18. Bf4 Qe7 19. Bxc7
Qxc7 20. d5 Na5 21. Ba2 Nc4 22. Rac1 Nxb2 23. d6 Qd7 24. Rd2 Na4 25. Nxa4 Qxa4
26. Bb3 Qb5 {1/2-1/2 Kjeldsen,J-Christensen,T/DEN-chB/1989/}) 14. Bh6 Re8 (
14... Re8 {Ftacnik} 15. Rac1 (15. Rad1 Bb7 16. f4 (16. Rfe1 Rc8 17. Bb1 (17.
Bb3 a6 18. N2g3 Nb8 $6 (18... Na5 19. Ba2 f5 20. Nc3 Bf6) (18... Bh4 {/\ Nce7})
19. Qf3 (19. Nh5 f5 20. Nc3 Bg5 21. Rxe6 Rxe6 22. Bxg5 Qxg5 23. Nxd5 Kh8 24.
Nhf4 $13) 19... Rc7 (19... Bh4 $140 20. Nh5 $2 gxh5 21. Qxh5 f5 $13) 20. Nh5 $1
Nd7 (20... f5 21. Nc3 $16 Nxc3 $140 $2 22. Bxe6+ Kh8 23. Bg7#) 21. h4 $1 {
1-0 Kamsky,G-Short,N (05)/PCA-WchQual2 Linares/1994/ (26)}) (17. N2c3 Na5 18.
Qg3 Nc4 19. Ba4 Bc6 20. Bb3 Nxc3 21. bxc3 Bxe4 22. Rxe4 Nd6 {Shirov,A-Psakhis,
L/Klaipeda/1988/}) 17... Na5 18. Ba2 {/\ b4} Nf6 19. Nxf6+ (19. N4c3 Qc7 20.
Nb5 Qd7 21. Nf4 Be4 22. Qf1 Bc2 23. d5 e5 24. d6 Bxd1 25. Rxd1 Bd8 26. Nd5 Nxd5
27. Bxd5 {Chuchelov,V-Yakovich,Y/Leeuwarden op (07)/1995/1/2-1/2 (69)}) 19...
Bxf6 20. Nf4 {/\ b4+/-} Bg5 21. Nxe6 Rxe6 (21... fxe6 22. Rxe6 Rxe6 23. Bxe6+
Kh8 24. Bxc8 $16) 22. Rxe6 Bxh6 23. Rxg6+ Bg7 24. Rg4 Qf6 25. Bb1 h6 {1/2-1/2
Wessman,R-Moutousis,K/EU-chT Haifa (04)/1989/ (46)}) 16... Qc8 17. Ba4 a6 18.
Bg5 f6 19. Bh4 f5 20. Ng5 b5 21. Bb3 Na5 22. Rc1 Qd7 23. Ba2 Rac8 24. Kf2 Bd6
25. Bg3 h6 26. Nf3 Nf6 27. Kg1 Bd5 {0-1 Rodriguez,J-Panno,O/ARG-ch (04)/1989/ 
(47)}) 15... Bb7 16. Rfd1 Rc8 17. Qg3 Nf6 18. Ng5 (18. Nxf6+ Bxf6 19. Be4 Nxd4
$1 20. Rxd4 Rxc1+ 21. Bxc1 Bxd4 22. Bxb7 Bxb2 $1) 18... Qd6 19. Qh4 Na5 (19...
Bf8 $5) 20. Nf4 {0-1 Semkov,S-Psakhis,L/Erevan/1988 (27) /\ 21.Nf7! Kf7 22.
Ng6! hg6 23.Bg6!+-})) 13. Qd3 Rd8 {0.10-0.35} (13... g6 14. h4 $1) 14. Ng5 {TN}
(14. Rd1 h6 15. N4c3 Nf6 16. Qc4 a6 17. Bf4 Bd6 18. Bxd6 Qxd6 19. Ne4 Nxe4 20.
Bxe4 Ne7 21. Rac1 $14 {Iskusnyh,S-Ruban,V Kemerovo 1995}) (14. N4c3 g6 15. Bb3
Nxc3 16. Qxc3 Bf6 17. Rd1 Qe7 18. Be3 Bd7 19. Qe1 Be8 20. Rd2 Rac8 21. Ba2 b6
22. Rc1 Na5 23. b4 Nb7 24. Rdc2 Rxc2 25. Rxc2 Nd6 {Jelen,Ig-Cebalo,M/Bled op 
(02)/1995/1/2-1/2 (66)}) 14... g6 15. Bb3 $6 {Makes the impression of being
wrong, since white has little chance to penetrate along the a2-g8 diagonal.} (
15. Qh3 $5 Nf6 {(/\16...e5)} (15... Bxg5 16. Bxg5 f6 17. Bh6 (17. Bh4 Nf4 18.
Nxf4 Qxf4 $15) (17. Bd2 e5 18. Qf3 exd4 19. Bb3 Qf7 20. Nf4 $44) 17... e5 18.
Qf3 exd4 (18... Nxd4 19. Nxd4 exd4 20. Bb3 Be6 21. Rad1 $5 $36) 19. Bb3 Qf7 20.
Rad1 $36) 16. Bf4 e5 (16... Qb6 17. Be5 $36) (16... Bd6 17. Bxd6 Qxd6 18. Rad1
e5 19. Qb3 $13 (19. Qh4 $5 exd4 20. Bb3 $36)) 17. Qb3 exf4 18. Bxg6 $1 (18.
Qxf7+ Kh8 19. Nxh7 Nxh7 20. Nxf4 Bf5 $17 21. Bxf5 Qxf4 22. Qxg6 Nf8 $17) 18...
hxg6 (18... Nxd4 19. Qxf7+ Kh8 20. Nxd4 Rxd4 21. Rae1 $40) 19. Qxf7+ Kh8 20.
Qxg6 Rf8 21. Qh6+ Kg8 22. Qg6+ Kh8 $10 23. d5 $6 Ne5 24. Qh6+ Kg8 25. Nxf4 Neg4
26. Qg6+ Kh8 $15) (15. h4 $6 e5 {(/\16...Bf5)} (15... Ncb4 $2 16. axb4 Nxb4 17.
Qf3 $16) 16. Qf3 Nf6 17. Bb3 Bg4 18. Bxf7+ Kh8 19. Qd3 Nxd4 $13 (19... Bxe2 20.
Qxe2 Nxd4 21. Qc4 $13)) (15. Qh3 $5 {Baburin}) 15... Nf6 (15... Bf6 $6 {Karpov}
16. Qh3) (15... Bf8 $6 {Karpov}) 16. Rd1 Bf8 {/\ Be7-f8-g7; x d4} (16... Kg7 {
Karpov} 17. Qh3 $1 e5 18. Qh6+ $3 Kxh6 19. Ne6+ g5 20. Nxc7) 17. Bf4 Qe7 {
/\ b7-b6, Bc8-b7, Bf8-g7, Ra8-c8} (17... Qa5 $6 {Karpov}) (17... Qb6 $6 {Karpov
}) 18. Qe3 $6 (18. Qf3 Bg7 19. Rac1 Nd5 $132) (18. Nf3 $5 Bg7 19. Bg5 $5 {
(/\Qd3-e3-f4)} (19. Ne5 Nxe5 20. Bxe5 Bd7 21. Nc3 Bc6 $132) 19... e5 20. Qe3
exd4 21. Qxe7 Nxe7 22. Ne5 $5 $36) (18. Rac1 {Karpov x Bc8}) (18. Nf3 {Ftacnik}
) 18... Nd5 19. Bxd5 (19. Qg3 $2 {Karpov} Nxf4 20. Nxf4 (20. Qxf4 Bh6 21. h4 f6
$17) 20... Nxd4 21. Qh3) (19. Qh3 $2 {Karpov} h6 20. Nf3 e5 $19) 19... exd5 $15
{Two bishops for nothing.} (19... Rxd5 $6 {Karpov} 20. Nc3 Rd8 21. d5 $1) 20.
Nf3 (20. Qxe7 $142 {Karpov} Bxe7 21. h3) 20... Qxe3 21. fxe3 (21. Bxe3 Bg4 $15
{(/\22...Bxf3)} (21... Bg4 $1 {Karpov} 22. Rd3)) 21... f6 $1 {Stops all
white`s hopes for counterplay. With control over[><e5] square.  Karpov is
happy about the opening, the bishops pair and good control of the central
squares are promising a pleasant game.} 22. Rac1 Bf5 (22... g5 {Ftacnik} 23.
Bc7 $5 Rd7 24. Bg3) 23. h3 {/\ g2-g4-g5} h5 24. Nc3 $2 (24. Ng3 $5 {(Seirawan,
Y;Christiansen,L)} Be6 25. e4 $1 {(/\26.e5)} Bg7 (25... dxe4 26. Nxe4 Be7 27.
Nc5 $132) 26. e5 {(><e5)with good chances to equalize the game.}) (24. Nh4 {
Karpov} Be4 25. Nc3 g5) 24... g5 $1 25. Bh2 h4 $1 $17 {Baburin: Black has a
very pleasant endgame, which Karpov converted into a win.} 26. Nd2 {[/\27.Rf1]}
Kf7 (26... Kg7 $1 {Karpov}) (26... Rd7 $6 27. e4 $1 dxe4 28. Ndxe4 $132) 27.
Nb3 (27. Nxd5 Rxd5 28. e4 Rxd4 (28... Bxe4 29. Nxe4 Rad8 30. Rf1 Be7 $15) 29.
exf5 Rad8 30. Rc2 Bh6 $17 {(/\31...g5)}) (27. Rf1 Kg6 28. Rf2 Bd3 $15) 27...
Rac8 28. Nb5 (28. Nc5 {Ftacnik} b6) 28... a6 29. Nc3 {[/\Nc3-a4-b6;Nb3-c5]} b5
$1 30. Ne2 (30. Nc5 {(/\31.b4)} b4 $1 (30... Bxc5 31. dxc5 d4 $15 (31... d4 {
Ftacnik} 32. exd4 Nxd4 33. b4 $10)) 31. N3a4 (31. axb4 Nxb4 $15) 31... bxa3 32.
bxa3 (32. Nb7 Re8 $17) 32... Na5 $15 {(/\33...Nc4)} (32... Na5 {Karpov} 33. Nb6
$1 Rc6 34. Nb7 $1)) 30... b4 {White have played a bit clumsily, so black
managed to limit his pieces, fix the pawns tructure on the kingside and grab
the full control of the position.} 31. a4 (31. axb4 {Karpov} Nxb4 (31... Re8
$17)) (31. Nc5 Re8 32. Kf2 a5 $15) 31... Re8 32. Kf2 Kg6 33. Ng1 {/\ Ng1-f3-d2,
Nb3-c5, Nd2-b3} (33. Nc5 Na5 34. Nxa6 Nc4 35. Nc7 Red8 36. b3 Na5 $17 (36...
Nb2 37. Rd2 Nd3+ $15)) 33... Na7 {/\ 34...Bc2} 34. Nc5 (34. Rxc8 {Karpov} Rxc8
35. Rc1 Bc2 36. Na1 Bxa4) (34. Nf3 $2 Bc2 $19) 34... Rc6 35. Nf3 (35. Nd3 Rxc1
36. Nxc1 Bc2 $19) 35... Rec8 36. b3 (36. Nd2 {Karpov /\ 37.Nb3} Bxc5 37. dxc5
Rxc5 38. Nb3 Rc2+ 39. Rxc2 Bxc2 40. Rc1 Bxb3 $19) 36... a5 $1 {typical for
Karpov..} (36... Bxc5 37. Rxc5 Rxc5 38. dxc5 Rxc5 39. Bd6 (39. Nd4 {Karpov /\
40.Bd6}) 39... Rc2+ 40. Kf1 {with chances to survive}) 37. Ke2 (37. g4 hxg3+
38. Kxg3 Be4 39. Kf2 Bxc5 40. Rxc5 Rxc5 41. dxc5 Rxc5 $19) 37... Be4 38. Kd2 {
and only now, when all pieces are placed perfectly...} (38. Nxe4 $2 {Karpov}
dxe4 39. Rxc6 exf3+) 38... Bxc5 39. dxc5 Rxc5 40. Rxc5 Rxc5 41. Rc1 (41. Nd4
Nc6 (41... Bxg2 $19) 42. Bd6 Nxd4 $1 43. exd4 (43. Bxc5 Nxb3+ $19) 43... Rc2+ (
43... Rc3 $5 {Karpov}) 44. Ke1 Bxg2 $19) 41... Rxc1 42. Kxc1 Nc6 $17 (42... g4
$5 {Karpov} 43. Nxh4+ (43. hxg4 h3 44. Nh4+ Kg5 45. g3 Kxg4) 43... Kg5 44. Bg3
gxh3 45. gxh3 Nc6 $17) 43. Bc7 f5 (43... d4 44. exd4 Bxf3 45. gxf3 Nxd4 46. Kd1
$1 Nxb3 47. Bb6 $1 f5 48. Kc2 g4 49. Kxb3 $1 gxh3 50. Bg1) 44. Kd2 {[#]} d4 $1
{Karpov is a perfect technician and with gusto turns opposite colour bishops
into his advantage. Both b3 and g2 pawns are firmly fixed on the squares of
the wrong colour.} (44... Bxf3 45. gxf3 g4 46. fxg4 fxg4 47. hxg4 Kg5 48. e4
dxe4 49. Ke3 Kxg4 50. Kxe4 {Seirawan,Christiansen}) 45. exd4 (45. Nxd4 Nxd4 46.
exd4 Bxg2 47. Bxa5 Bxh3 (47... g4 48. hxg4 fxg4 49. Bxb4 g3 50. Ke3 Kf5 {
/\ 51...Kg4, 52...h3}) 48. Bxb4 Bg2 $19 (48... f4 49. Ke2 Be6 $19)) 45... f4 {
[/\46...Kf4,47...Bxf3(47...g4)]} (45... Bxf3 46. gxf3 Nxd4 47. Bb6 $1 Nxf3+ (
47... Nxb3+ 48. Kc2) 48. Ke2 (48. Ke3 $13) 48... g4 49. hxg4 fxg4 50. Bxa5 (50.
Kf2 $5) 50... Nd4+ 51. Kf2 Nxb3 52. Bxb4 $10) 46. Ke2 (46. Ne5+ Nxe5 47. dxe5
Bxg2 48. Bxa5 Bxh3 49. Bxb4 Be6 50. Kc2 h3 $19) (46. Bb6 Bd5 47. Kc2 Kf5 $19)
46... Bd5 47. Kf2 {[><g2]} (47. Nd2 Bxg2 $19) 47... Bxb3 48. Ne5+ Nxe5 49. dxe5
Bxa4 50. Bxa5 b3 51. Bc3 Kf5 $19 {White can`t prevent appearence of the second
pass pawn on the K-side.} 52. Bb2 Bc6 {The importance of the fixed pawn
structure becomes absolutely clear.} 53. Kf1 Bd5 54. Kf2 Ke4 {/\ Ke4-d3-c2} 55.
Ke2 Bc4+ 56. Kd2 (56. Kf2 Kd3 57. Kf3 Be6 58. Ba3 Kc2 59. Ke4 b2 60. Bxb2 Kxb2
61. Kd4 g4 62. hxg4 f3 63. Ke3 fxg2 64. Kf2 h3 $19) 56... f3 57. gxf3+ Kxf3 58.
e6 (58. Kc3 Be6 59. Kb4 g4 $19) 58... Bxe6 59. Bf6 g4 60. hxg4 h3 61. Be5 Bxg4
{[/\62...Kg2,63...h2]} (61... Bxg4 {Karpov} 62. Kc3 Be6 (62... Be6 63. Kb2 Kg2
$19)) 0-1

[Event "FIDE-Wch"]
[Site "Elista"]
[Date "1996.07.04"]
[Round "15"]
[White "Karpov, Anatoly"]
[Black "Kamsky, Gata"]
[Result "1/2-1/2"]
[WhiteElo "2770"]
[BlackElo "2735"]
[Annotator "Ftacnik,L"]
[PlyCount "84"]
[EventDate "1996.06.06"]
[EventType "match"]
[EventRounds "18"]
[EventCountry "RUS"]
[SourceTitle "CBM 054"]
[Source "ChessBase"]
[SourceDate "1996.10.01"]
[SourceVersion "1"]
[SourceVersionDate "1996.10.01"]
[SourceQuality "1"]

1. d4 Nf6 2. c4 c5 3. d5 e6 4. Nc3 exd5 5. cxd5 d6 6. e4 g6 7. Nf3 Bg7 8. h3
O-O 9. Bd3 b5 10. Nxb5 Re8 11. O-O Nxe4 12. Qb3 (12. Re1 a6 13. Na3 Nf6 14.
Rxe8+ Nxe8 15. Nc4) (12. Qa4 Bd7 13. Bxe4 Bxb5 14. Qxb5 Rxe4 15. Bg5 Qb6 16.
Qd3 Re8 17. Rab1 Nd7 18. b3 Ne5 19. Nxe5 Bxe5 20. Rbc1 Bg7 21. Rfe1 Rxe1+ 22.
Rxe1 a6 23. Qe3 Qb5 $17 {Franco,Z-Otero,E/Capablanca mem-B (07)/1991/ (27)}) (
12. Qc2 a6 13. Na3 Nf6 14. Bg5 Nbd7 15. Nc4 Nb6 16. Rfe1 Rxe1+ 17. Rxe1 Nbxd5
18. Be4 Nb4 19. Qd1 d5 20. a3 Bb7 21. axb4 dxe4 22. Nfe5 Qc7 23. bxc5 Nd5 {
0-1 Bellin Jana-Sher Miron N/Isle of Man op (06)/1995/ (29)}) (12. Re1 Bd7 13.
a4 a6 14. Na3 Nf6 15. Nc4 Rxe1+ 16. Nxe1 Ra7 17. Qf3 Bc8 18. Nc2 Bb7 19. Bg5 h6
20. Bxf6 Bxf6 21. N2e3 Bg5 22. Qg3 Ba8 23. a5 Qf6 24. Ng4 Qf4 25. Qxf4 Bxf4 26.
Re1 Kf8 {1-0 Horvath,J-Dinstuhl,V/Budapest FS03 GM (10)/1994/ (40)}) 12... a6
13. Na3 (13. Nc3 Nxc3 14. bxc3 Nd7 15. Be3 Rb8 $17) 13... Nd7 14. Nc4 Rb8 15.
Qc2 f5 (15... Ndf6 $2 16. Re1 $18) 16. Bf4 Nb6 17. Nxb6 (17. Na5 $2 Nxd5 18.
Nc6 Qb6 19. Nxb8 Nxf4 20. Qa4 Rf8 $19) 17... Qxb6 18. Rab1 Bd7 19. Nd2 Nxd2 20.
Qxd2 Bd4 $5 (20... Bb5) (20... Be5 21. Rfe1) 21. Rfe1 Rxe1+ 22. Qxe1 Re8 23.
Qd2 a5 24. b3 Be5 25. a3 Bb5 26. Bxb5 Qxb5 27. Bxe5 Rxe5 28. Re1 $1 Kf7 $2 (
28... Qe8 29. Kf1 (29. Rxe5 Qxe5 30. Qxa5 Qxd5 31. Qb5 $5 $10) 29... Qb5+ 30.
Kg1 Qe8 $10) 29. Rxe5 dxe5 30. Qh6 $1 (30. d6 $2 Ke6) 30... Kg8 31. Qd2 Kf7 32.
Qc3 Kf6 (32... e4 33. Qe5 (33. Qh8 $5) 33... Qxb3 34. d6 Qe6 35. Qxc5 $16) 33.
f4 Qe2 34. Qxc5 (34. fxe5+ Qxe5 35. Qxc5 Qe1+ 36. Kh2 Qe5+ $10) 34... exf4 {
Black king is too close to the center for the d5 pawn to be dangerous.} 35.
Qc3+ Qe5 $1 36. Qc6+ Kg5 37. d6 Qe1+ 38. Kh2 Qg3+ 39. Kg1 Qe1+ 40. Kh2 Qg3+ 41.
Kg1 Qe1+ 42. Kh2 Qg3+ 1/2-1/2

[Event "FIDE-Wch"]
[Site "Elista"]
[Date "1996.07.06"]
[Round "16"]
[White "Kamsky, Gata"]
[Black "Karpov, Anatoly"]
[Result "1-0"]
[WhiteElo "2735"]
[BlackElo "2770"]
[Annotator "Ftacnik,L"]
[PlyCount "97"]
[EventDate "1996.06.06"]
[EventType "match"]
[EventRounds "18"]
[EventCountry "RUS"]
[SourceTitle "CBM 054"]
[Source "ChessBase"]
[SourceDate "1996.10.01"]
[SourceVersion "1"]
[SourceVersionDate "1996.10.01"]
[SourceQuality "1"]

1. d4 {Khalifman Chernin Karpov} Nf6 2. c4 e6 3. Nf3 b6 4. g3 Ba6 5. b3 Bb4+ 6.
Bd2 Be7 7. Bg2 c6 8. Bc3 d5 9. Ne5 Nfd7 10. Nxd7 Nxd7 11. Nd2 O-O 12. O-O Rc8
13. e4 c5 {Black can afford to counter in the center partly due to the
pressure along the a6-f1 diagonal.} 14. exd5 exd5 15. dxc5 dxc4 16. c6 cxb3 17.
Re1 Bb5 18. axb3 Bxc6 19. Bxc6 Rxc6 20. Rxa7 Bf6 21. Nc4 (21. Ne4 Bxc3 22. Rxd7
Qa8 $5 (22... Qc8 23. Re3 (23. Nxc3 Rxc3 24. Qd5 Qc6 (24... g6 25. Ree7 Qc6 26.
Qxc6 Rxc6 27. Rb7 Rf6 {1/2-1/2 Bates,R-Valenzuele,L/WchJM-U14 Duisburg (10)/
1992 (31)}) 25. Qxc6 Rxc6 26. Rb7 Rd8 27. Re4 g5 $8 28. Re5 Rc5 $10) 23... Bb4
24. Qd3 (24. Qd5 Rc7 (24... Rc1+ 25. Kg2 Qc6 26. Rd3 h6 27. Rb7 Qg6 28. Rd4 Bc5
29. Nxc5 bxc5 30. Rf4 Rc2 {1/2-1/2 Hebden,M-Pogorelov,R/Benidorm op (06)/1993 
(49)}) 25. Rxc7 Qxc7 26. Rd3 Qe7 27. Rd4 g6 28. Rc4 Rd8 29. Qc6 Bc5 {1/2-1/2
Tunik,G-Biriukov,O/St.Petersburg op-Petrov (04)/1996 (49)}) 24... h6 25. Rf3
Re6 26. Qd5 (26. Rd4 Be7 27. Nc3 Re1+ 28. Kg2 Qe6 29. Nd5 Bc5 30. Nf4 Qe5 31.
Rd7 Qa1 32. Nh3 {1/2-1/2 Magerramov,E-Zarnicki,P/Andorra op/1991 (48)}) 26...
Qc6 $1 27. Qxc6 Rxc6 28. Rf4 {1/2-1/2 Novikov,I-Stempin,P/Polanica Zdroj/1989/}
) 23. Re3 Bb2 24. Qf3 (24. Qd5 Rc1+ 25. Kg2 Qxd5 26. Rxd5 $14) 24... f5 $1 25.
Ng5 Rc1+ 26. Kg2 Qxf3+ 27. Nxf3 f4 28. Re2 {1-0 Novikov,I-Veingold,A/Pamplona
op/1992/ (37)}) 21... Bxc3 (21... Rxc4 $2 22. bxc4 Bxc3 23. Re3 $18) (21... Nc5
22. Qxd8 Rxd8 (22... Bxd8 23. Bb4 Nd3 24. Bxf8 Nxe1 25. Bb4 Nf3+ 26. Kg2 Nd4
27. Ra8 Ne6 28. Be7 {+- Karpov}) 23. Bxf6 Rxf6 (23... gxf6 24. Ree7 {+/= Karpov
} Nxb3 25. Ne3 Rf8 26. Nf5 h5 $1 $10 {Illescas-Morovic (Las Palmas 1994)}) 24.
b4 Ne6 25. Nxb6 $16 {Karpov,A-Beliavsky,A/Linares/1993/}) 22. Rxd7 Qf6 (22...
Qc8 23. Re3 Bf6 24. Qd5 b5 25. Na3 b4 26. Nc4 h6 27. Kg2 Rc7 $2 (27... Rc5 28.
Qb7 {/\Rxf7} Qxb7+ 29. Rxb7 Bc3 $14) 28. Nb6 $1 $16 {1-0 Khalifman,A-Van der
Wiel,J/Ter Apel/1993/ (42)}) (22... Qa8 23. Re3 Bf6 24. Qd5 $14) 23. Re4 (23.
Re3 Re6 24. Rf3 Re1+ 25. Qxe1 Qxf3 $10) 23... Qf5 $2 {One of the most amazing
moments in the Elista match. Karpov has reportedly played this position over
with his seconds and not a single one of them noticed the obvious combination,
that white was preparing.} (23... Re6 24. Rf4 Qg6 $2 (24... Qxf4 25. gxf4 Re1+
26. Qxe1 Bxe1 27. Nxb6 $14) 25. Rdxf7 $1 Qxf7 26. Rxf7 Rxf7 (26... Kxf7 27.
Qd7+ Kf6 28. Qd3 {/\ Qh7}) 27. Qd8+ Rf8 28. Qd5 {1-0 Chernin,A-Veingold,A/
Sevilla/1993/ (39)}) 24. Rf4 Qe6 25. Rdxf7 $1 Re8 (25... Rxf7 26. Qd8+ $18) (
25... Qxf7 26. Rxf7 Rxf7 27. Qd8+ Rf8 28. Qd5+ $18) 26. Qf3 Bf6 27. Rb7 h6 28.
Kg2 (28. Ne3 $2 Rc3 $1 (28... Rc1+ 29. Kg2 Qxb3 $2 30. Rxf6 $18)) 28... Kh8 29.
h4 Kg8 30. Kh2 Kh8 31. Qh5 Rd8 (31... Kg8 $2 32. Rxf6 $18) 32. Rf7 Bd4 (32...
Rc5 $2 33. Qg6 Rc6 34. R4xf6 $18) 33. Rf8+ Rxf8 34. Rxf8+ Kh7 35. Qf3 Bc5 (
35... Bf6 36. Qd3+ g6 37. h5 Bg7 38. Rb8 $18) 36. Rf5 Rc8 37. h5 Rd8 (37... Qe1
38. Ne5 Bd4 39. Qd3 Qc3 40. Qe4 Kg8 41. Ng6 $18) 38. Re5 (38. Ne5 Rd2 $2) 38...
Qd7 39. Qe4+ Kh8 {White is a paws up, but winning is still a hard work away.} (
39... Kg8 40. Kg2 $16) 40. Kg2 Rf8 (40... Qd1 41. Re8+ Rxe8 42. Qxe8+ Kh7 43.
Qe4+ Kh8 44. Nxb6 Qxb3 (44... Bxb6 45. Qe8+ Kh7 46. Qg6+) 45. Nd7 $16) 41. f4
Rd8 (41... Qd1 42. Qf3 Qg1+ 43. Kh3 b5 44. Nd2 $16) 42. Qf3 Bd4 (42... Qd1 $2
43. Re8+ Kh7 44. Qe4+ $18) 43. Re2 b5 44. Nd2 (44. Ne5 Bxe5 45. fxe5 $16) 44...
Bb6 45. Ne4 Qd1 $6 46. Nf2 Qb1 (46... Bxf2 $2 {Karpov was shocked at
realization, that this natural move loses to} 47. Re8+ Rxe8 48. Qxd1 $18) 47.
Ng4 Qf5 48. Ne5 Kg8 $2 (48... Bc7 49. g4 Qf6 50. Ng6+ Kh7 51. Qe4 $18) 49. Nc6
(49. Nc6 Rd7 50. Ne7+ $18) 1-0

[Event "FIDE-Wch"]
[Site "Elista"]
[Date "1996.07.08"]
[Round "17"]
[White "Karpov, Anatoly"]
[Black "Kamsky, Gata"]
[Result "1/2-1/2"]
[WhiteElo "2770"]
[BlackElo "2735"]
[Annotator "Ftacnik,L"]
[PlyCount "119"]
[EventDate "1996.06.06"]
[EventType "match"]
[EventRounds "18"]
[EventCountry "RUS"]
[SourceTitle "CBM 054"]
[Source "ChessBase"]
[SourceDate "1996.10.01"]
[SourceVersion "1"]
[SourceVersionDate "1996.10.01"]
[SourceQuality "1"]

1. Nf3 {VanWely} Nf6 2. c4 e6 3. g3 a6 4. Bg2 b5 5. b3 c5 6. O-O Bb7 7. e3 Be7
8. Nc3 Qa5 9. Bb2 O-O 10. Qe2 (10. a4 bxc4 11. bxc4 d6 12. Qe2 Nbd7 13. d4 Rab8
14. d5 exd5 15. cxd5 Nxd5 16. Nxd5 Bxd5 17. e4 Be6 18. h4 h6 19. Rfc1 Rb3 {
0-1 Petersen,So-Adamski,J/Lyngby op (07)/1990 (44)}) 10... Nc6 11. Rfb1 (11.
cxb5 axb5 12. Qxb5 (12. Nxb5 Ba6 13. a4 Rab8 14. d4 Bxb5 15. axb5 Qxb5 16. Qxb5
Rxb5 $10) 12... Qxb5 13. Nxb5 Ba6 14. a4 Rab8 $132) 11... bxc4 12. bxc4 (12.
Qxc4 d5 $10) 12... Rab8 13. d3 Ba8 14. a3 (14. Qc2 Nb4) 14... Rfc8 15. Qc2 Nd8
16. Bc1 d6 17. Bd2 Qc7 (17... Rxb1+ 18. Nxb1 Qc7 19. Bc3 Rb8 20. Nbd2 $10) 18.
Rxb8 Rxb8 19. Rb1 Bc6 20. Rxb8 Qxb8 21. Ne1 (21. Qb1 Qxb1+ 22. Nxb1 Nd7 23. Bc3
f5 24. Nfd2 $10) 21... Bxg2 22. Kxg2 Qb7+ 23. f3 (23. e4 d5 24. Nf3 $10) 23...
Nd7 24. Qb1 Qxb1 (24... Qc6 25. e4 Bf6 26. Nc2 $10) 25. Nxb1 Nc6 (25... Bf6 26.
Bc3 $10) 26. Bc3 (26. g4 $5 Bf6 27. Bc3 $10) 26... f5 27. Nd2 Kf7 28. Kf2 g5
29. h3 $6 (29. g4 fxg4 30. fxg4 Bf6 31. Ne4 Bxc3 32. Nxc3 $10) 29... h5 30. Ke2
Kg6 31. Nb3 d5 (31... h4 32. gxh4 gxh4 33. Ng2) (31... g4 32. fxg4 fxg4 33.
hxg4 hxg4 34. d4 Bf6 35. Kd3 Kf5 36. Ng2 $10) 32. e4 (32. Na5 $2 Nxa5 33. Bxa5
dxc4 34. dxc4 Ne5 $17) 32... Bd6 (32... dxc4 33. dxc4 Nde5 34. Nd3 $1 Nxc4 35.
Ndxc5 $10) 33. cxd5 exd5 34. exf5+ (34. exd5 Ne7 35. Kf2 Nxd5 36. Bb2 f4 $15)
34... Kxf5 35. g4+ Kg6 (35... hxg4 36. fxg4+ Kf4 $2 37. Kf2 d4 38. Bd2+ Ke5 39.
Bxg5 $16) 36. Ng2 hxg4 37. fxg4 (37. hxg4 Nb6 $15) 37... Be7 (37... Be5 38.
Bxe5 Ndxe5 (38... Ncxe5 39. Nxc5 Nxc5 40. d4 Ncd3 41. dxe5 Nxe5 42. Ne3 d4 43.
Nf5 $10)) 38. Na5 Nxa5 (38... Nce5 39. Bxe5 Nxe5 40. Ne3 d4 41. Nac4 Nxc4 42.
Nxc4 $10) 39. Bxa5 Kf7 40. Ne3 Ke6 (40... Nf6 41. Be1 $10) 41. Nf5 Bf6 42. Bd2
Nf8 (42... c4 43. Bb4 $10) 43. Be3 d4 $1 (43... c4 44. Nd4+ Kd7 45. dxc4 dxc4
46. Nf3 Ne6 47. Nd2 $10) 44. Bc1 Bd8 (44... Kd5 45. h4 $1 gxh4 46. g5 Be5 47.
Nxh4) 45. Ng3 Kd5 46. Nf1 (46. Ne4 Ne6 47. Kf3 c4 48. dxc4+ Kxc4 $15) 46... Ne6
$2 {Van Wely} (46... Ng6 $142 $1 $19 {Van Wely} 47. Nh2 $140 Ne5 48. Nf3 Nxf3
49. Kxf3 c4) 47. Nh2 Bc7 (47... c4 $5 48. dxc4+ Kxc4 49. Nf3 Bf6 $15) 48. Nf3
Bf4 (48... Nf4+ 49. Bxf4 Bxf4 50. h4 gxh4 51. Nxh4 c4 52. dxc4+ Kxc4 53. Nf3
$15) 49. Bd2 c4 50. dxc4+ Kxc4 51. h4 gxh4 (51... d3+ 52. Kd1 Kb3 $2 53. Nxg5
$1 Nxg5 54. Bxf4 $16) 52. Nxh4 d3+ (52... Kb3 53. Bxf4 Nxf4+ 54. Kd2 Kxa3 55.
Nf3 d3 56. Ne5 $10) 53. Kd1 Bxd2 (53... Bd6 54. Bc1 Kb3 55. Nf3 $10) 54. Kxd2
Ng5 55. Nf5 Nf3+ 56. Ke3 Ne5 (56... d2 57. Ke2 Kc3 58. Ne3 Nd4+ 59. Kd1 Kd3 60.
Nf1 Nf3 61. g5 $10) 57. Nd6+ Kc3 58. Ne4+ Kc2 59. g5 Ng6 (59... Nc4+ 60. Kd4
Nd6 61. Nf2 d2 62. g6 a5 63. Kd5 Nf5 64. Kc5) 60. Kd4 (60. Kd4 d2 61. Nxd2 Kxd2
62. Kc5 Kc3 63. Kb6 Kb3 $10) 1/2-1/2